|
|
|
|
| LEADER |
01647nam a2200361 i 4500 |
| 001 |
c000044406 |
| 003 |
CARM |
| 005 |
00000000000000.0 |
| 008 |
s1979 dcua b 10010 eng |
| 019 |
1 |
|
|a 1466263
|5 LACONCORD2021
|
| 020 |
|
|
|a 0309028914
|
| 035 |
|
|
|a (OCoLC)5289412
|5 LACONCORD2021
|
| 043 |
|
|
|a n-us---
|a d------
|
| 050 |
0 |
0 |
|a RA401.A1
|b C65 1979
|
| 111 |
2 |
0 |
|a Conference on Pharmaceuticals for Developing Countries
|d (1979 :
|c National Academy of Sciences)
|
| 245 |
1 |
0 |
|a Pharmaceuticals for developing countries :
|b conference proceedings /
|c Division of International Health, Institute of Medicine.
|
| 260 |
|
|
|a Washington :
|b National Academy of Sciences,
|c 1979.
|
| 300 |
|
|
|a xvi, 432 p. :
|b ill. ;
|c 28 cm.
|
| 490 |
1 |
|
|a Publication IOM ; 79-001
|
| 504 |
|
|
|a Includes bibliographical references.
|
| 650 |
|
0 |
|a Pharmaceutical policy
|z Developing countries
|x Congresses.
|
| 650 |
|
0 |
|a Pharmaceutical industry
|z Developing countries
|x Congresses.
|
| 650 |
|
0 |
|a Drugs
|x Research
|x Congresses.
|
| 650 |
|
0 |
|a Drugs
|x Research
|z United States
|x Congresses.
|
| 650 |
|
0 |
|a Pharmaceutical policy
|z United States
|x Congresses.
|
| 650 |
|
0 |
|a Medical assistance, American
|z Developing countries
|x Congresses.
|
| 710 |
2 |
0 |
|a Institute of Medicine (U.S.).
|b Division of International Health.
|
| 710 |
2 |
0 |
|a National Academy of Sciences (U.S.)
|
| 830 |
|
0 |
|a IOM publication ;
|v 79-001.
|
| 852 |
8 |
|
|b CARM
|h A2:AD18C0
|i D00057
|p 0004677
|f BK
|
| 082 |
0 |
4 |
|a 362.1
|2 19
|
| 999 |
f |
f |
|i 00ed7014-d3de-5b39-ad8e-a6c0c0935aa9
|s fbc9b5a4-c63c-5e1c-a925-9daa82f41be8
|
| 952 |
f |
f |
|p Can circulate
|a CAVAL
|b CAVAL
|c CAVAL
|d CARM 1 Store
|e D00057
|f A2:AD18C0
|h Other scheme
|i book
|m 0004677
|